Normal view
MARC view
- Venugopal, K
Entry Personal Name
001 - CONTROL NUMBER
- control field: 113014
003 - CONTROL NUMBER IDENTIFIER
- control field: NUST
005 - DATE AND TIME OF LATEST TRANSACTION
- control field: 20230606102625.0
008 - FIXED-LENGTH DATA ELEMENTS
- fixed length control field: 230606|| aca||aabn | a|a d
040 ## - CATALOGING SOURCE
- Original cataloging agency: NUST
- Transcribing agency: NUST
100 ## - HEADING--PERSONAL NAME
- Personal name: Venugopal, K
670 ## - SOURCE DATA FOUND
- Source citation: Work cat.: (NUST): Venugopal, K. , Engineering Drawing + AutoCAD, 2015.
